Shoes Of LeBron James - Statistics

General Stats
  • This quiz has been taken 122 times
  • The average score is 13 of 39
Answer Stats
Shoe: % Correct
Nike Zoom LeBron II
85%
Nike LeBron XV
72%
Nike Air Max LeBron VIII
69%
Nike LeBron IX
69%
Nike Zoom LeBron III
69%
Nike Air Max LeBron VII
68%
Nike LeBron XIII
67%
Nike Zoom LeBron IV
67%
Nike Zoom LeBron V
67%
Nike Zoom LeBron VI
67%
Nike LeBron XII
66%
Nike LeBron X
65%
Nike LeBron XIV
65%
Nike LeBron XI
62%
Nike Zoom LeBron Soldier
38%
Nike LeBron Soldier XI
24%
Nike LeBron Soldier X
23%
Nike LeBron Soldier IX
22%
Nike LeBron Soldier VIII
22%
Nike Zoom LeBron Soldier II
21%
Nike Zoom LeBron Soldier III
21%
Nike Zoom LeBron Soldier IV
21%
Nike Zoom LeBron Soldier VI
21%
Nike LeBron Air Max Soldier V
20%
Nike LeBron Soldier VII
20%
Nike LeBron XIV Low
7%
Nike LeBron XIII Low
6%
Nike LeBron XI Low
6%
Nike LeBron X Low
6%
Nike Zoom Generation
6%
Nike LeBron IX Low
5%
Nike LeBron X Elite
4%
Nike LeBron X Elite PE
4%
Nike LeBron XIII Elite
4%
Nike LeBron 8 V2
2%
Nike LeBron IX Elite
2%
Nike LeBron 8 PS
1%
Nike LeBron 20.5.5
0%
Nike LeBron X EXT
0%
No matching quizzes found
Score Distribution
Percent of People with Each Score
Percentile by Number Answered
Your Score History
You have not taken this quiz